Improvised electric drill press (Record no. 74671)

MARC details
000 -LEADER
fixed length control field 02585nam a22002897i 4500
003 - CONTROL NUMBER IDENTIFIER
control field URS
003 - CONTROL NUMBER IDENTIFIER
control field URS
005 - DATE AND TIME OF LATEST TRANSACTION
control field 20240416181557.0
008 - FIXED-LENGTH DATA ELEMENTS--GENERAL INFORMATION
fixed length control field 170701b xxu||||| |||| 00| 0 eng d
040 ## - CATALOGING SOURCE
Original cataloging agency URS
Language of cataloging eng
Description conventions rda
041 ## - LANGUAGE CODE
Language code of text/sound track or separate title eng
050 00 - LIBRARY OF CONGRESS CALL NUMBER
Classification number TJ 320
Item number .Im8 2015
245 ## - TITLE STATEMENT
Title Improvised electric drill press
Statement of responsibility, etc. Gideon Carl C. Santos... [et.al].
260 ## - PUBLICATION, DISTRIBUTION, ETC.
Date of publication, distribution, etc. 2015
300 ## - PHYSICAL DESCRIPTION
Extent 59 leaves :
Other physical details illustrations ;
Dimensions 28 cm.
336 ## - CONTENT TYPE
Content type term text
Content type code txt
Source rdacontent
337 ## - MEDIA TYPE
Media type term unmediated
Media type code n
Source rdamedia
338 ## - CARRIER TYPE
Carrier type term volume
Carrier type code nc
Source rdacarrier
502 ## - DISSERTATION NOTE
Degree type Thesis (Bachelor of Technology major in Mechanical and Production Technology) -- University of Rizal System-Morong.
520 ## - SUMMARY, ETC.
Summary, etc. EXECUTIVE SUMMARY: The study aimed to develop an Improvised Electric Drill Press. Specifically, this attempted to determine the level of acceptability of an Improvised Electric Drill Press in term of functionality, usefulness, safety and maintenance and durability. This was conducted at the University of Rizal System, Morong Campus during the school year 2014-2015. The researchers adapted a modified questionnaire checklist as the main instrument and were validated to determine the level of acceptability of an Improvised Electric Drill Press. The respondent where purposely selected to give an objective evaluation of the output. They were composed of ten (10) students, the end-users and ten (10) faculty members as the expert. Based on the analysis of the study, the researchers were able to design a well detailed assembly drawing, pictorial drawing, exploded drawing and constructed an Improvised Movable Hydraulic Press Machine out of locally available materials. Based from the result of the study, an Improvised Electric Drill Press found to be "Outstanding" in terms of functionality, usefulness, safety and maintenance, and durability as perceived by the experts and end-users. Based on the summary of findings, the study concluded that, there is no significant difference on the level of acceptability of an improvised electric drill press in terms of functionality, usefulness, safety and maintenance and durability. Thus, the study recommended that, the machine must be full weld for durability. It must be used for industrial purposes for mechanical technology. And, must be painted to avoid corrosion.
650 ## - SUBJECT ADDED ENTRY--TOPICAL TERM
Topical term or geographic name entry element Machine design.
700 1# - ADDED ENTRY--PERSONAL NAME
Personal name Amaro, Junelle S.
Relator term author
700 1# - ADDED ENTRY--PERSONAL NAME
Personal name Garcia, Angelo G.
Relator term author
700 1# - ADDED ENTRY--PERSONAL NAME
Personal name Orejo, Richard Von T.
Relator term author
856 ## - ELECTRONIC LOCATION AND ACCESS
Materials specified Online Request for Student Unpublished Works
Uniform Resource Identifier <a href="https://forms.gle/7LqvGGkaDrUQqz429">https://forms.gle/7LqvGGkaDrUQqz429</a>
942 ## - ADDED ENTRY ELEMENTS (KOHA)
Source of classification or shelving scheme Library of Congress Classification
Koha item type Theses and dissertations

No items available.

University of Rizal System
Email us at univlibservices@urs.edu.ph

Visit our Website www.urs.edu.ph/library